| 000 | 00798nam a22002537a 4500 | ||
|---|---|---|---|
| 003 | UA-OsUOA | ||
| 001 | 26153 | ||
| 007 | ta | ||
| 008 | 20040514b un ||||| |||| 00| 0 ukr d | ||
| 100 | _aСтоун И. | ||
| 090 |
_a502 _bС82 |
||
| 942 | _cBK | ||
| 040 |
_aUA-OsUOA _brus _cUA-OsUOA _dUA-OsUOA |
||
| 245 |
_aПроисхождение _bРоман-биография Чарлза Дарвина _cИ. Стоун; Пер. с англ. М.И. Брука , Ю.С. КацнельсонаПер. с англ. М.И.Брука Ю.С.Кацнельсона |
||
| 300 |
_a447 с. _bІлюстрації |
||
| 955 | _a0 | ||
| 041 | _arus | ||
| 080 | _a502 | ||
| 260 |
_aМосква _bПолитиздат _c1985 |
||
| 044 | _aRU | ||
| 250 | _n2-е изд. | ||
| 650 | 7 | _2UDC | |
| 999 |
_c312466 _d312466 |
||